000 00479nam a22001817a 4500
003 OSt
005 20180116183022.0
008 151125b xxu||||| |||| 00| 0 eng d
020 _a9780006164920
040 _c0
082 _a813.54 TRE 1981
100 _aElleston Trevor
245 _aThe Damocles Sword Elleston Trevor
_cElleston Trevor
260 _aUK
_bFontana/ Collins
_c1981
300 _a314 p.
_bPB
440 _aThe Damocles Sword Elleston Trevo
942 _2ddc
_cBK
999 _c350625
_d350625